00547 a2200157 4500010001400000020002300014035001300037037001600050082001200066245012600078260004600204270006300250300002700313490002800340700002100368 aENG-88825 c695.00a0195690753 aEN-72358 bDBAD / PUB14a338.9541 aThe political economy of trade, finance and development :cedited by N.S.S. Narayanabselected essays of T.N. Srinivasan/ aNew DelhibOxford University Pressc2007 aYMCA Library Building, Jai Singh RoadbNew Delhie110 001 axiv, 502p.:c22cm (Hb) aOxford collected essays aNarayana, N.S.S.